000 00663nam a2200217 a 4500
001 000009254
003 OSt
005 20240412074210.0
008 090929s1939 dr 000 p spa d
040 _aDO-SdBNP
_bspa
_cBNPHU
082 4 _aRD861.44
_bM385a
100 1 _a Carmen Natalia,
_d 1917-1976
_929216
245 1 0 _aAlma adentro :
_bpoemas /
_cCarmen Natalia.
260 _a[Cuidad Trujillo, República Dominicana] :
_bPlus ultra,
_c1939.
300 _a112 p. ;
_c19 cm.
590 _aInventariado, 2019 / DG
650 0 _aPoesía dominicana
_966
650 0 _aLiteratura dominicana.
_967
910 _aValidado. Control de calidad MFF
942 _2ddc
_cLBS1
999 _c9016
_d9016